000 00304nam a22001337a 4500
008 170908b xxu||||| |||| 00| 0 eng d
020 _a9780130651785
041 _aeng
080 _a91
100 _a42
101 _aGJEO
245 _aBASIC METHODS OF STRUCTURAL GEOLOGY
_cMARSHAK,S
942 _2udc
_cBK
999 _c26796
_d26796